Ikonomičeska eksploatacija na zemedelskite zemi, pritežavani ot gradski žiteli.
Skúmanie niektorých teoretických aspektov využívania pôd z hľadiska vlastníckych foriem hospodárenia, foriem ich realizácie a veľkosti poľnohospodárskych jednotiek. Správanie malých vlastníkov pôdy je ovplyvnené veľkosťou vlastníctva, životnou úrovňou obyvateľstva v meste a v mieste, kde sa nachádza...
Salvato in:
| Autore principale: | |
|---|---|
| Natura: | Capitolo di libro |
| Lingua: | bulgaro |
| Soggetti: | |
| Tags: |
Nessun Tag, puoi essere il primo ad aggiungerne!!
|
MARC
| LEADER | 00000naa a2200000 4500 | ||
|---|---|---|---|
| 001 | r008345 | ||
| 005 | 20221125114949.0 | ||
| 041 | 0 | |a bul | |
| 044 | |a BG | ||
| 245 | 1 | 0 | |a Ikonomičeska eksploatacija na zemedelskite zemi, pritežavani ot gradski žiteli. |c O. Bojuklijev |
| 520 | |a Skúmanie niektorých teoretických aspektov využívania pôd z hľadiska vlastníckych foriem hospodárenia, foriem ich realizácie a veľkosti poľnohospodárskych jednotiek. Správanie malých vlastníkov pôdy je ovplyvnené veľkosťou vlastníctva, životnou úrovňou obyvateľstva v meste a v mieste, kde sa nachádza pozemkové vlastníctvo, zamestnanosťou i nezamestnanosťou. Skúmanie špecifického správania dôchodcov a vzťahov medzi poľnohospodárskym družstvom a súkromným hospodárstvom. | ||
| 610 | 2 | 0 | |a pôda poľnohospodárska |
| 610 | 2 | 0 | |a mestá |
| 610 | 2 | 0 | |a využitie pôdy |
| 610 | 2 | 0 | |a veľkosť podnikov |
| 610 | 2 | 0 | |a vlastníctvo |
| 610 | 2 | 0 | |a podnik poľnohospodársky |
| 610 | 2 | 0 | |a úroveň životná |
| 610 | 2 | 0 | |a zamestnanosť |
| 610 | 2 | 0 | |a obyvateľstvo |
| 610 | 2 | 0 | |a podnikanie súkromné |
| 100 | 1 | |a Bojuklijev, O. | |